| 000 | 00832nam a2200205Ia 4500 | ||
|---|---|---|---|
| 003 | OSt | ||
| 005 | 20241007151528.0 | ||
| 007 | ca aa aaaaa | ||
| 008 | 201103s9999 xx 000 0 und d | ||
| 040 | _cSSBUL | ||
| 041 | _abur | ||
| 082 |
_223 _a၂၉၄.၃၃၆၈ ပါ _b၁၃၁၀၄ S-SAT |
||
| 100 | 0 | _aပါရဂူ | |
| 245 | 1 | 0 |
_aဝိပဿနာဆရာကြီးအက်စ်၊ အင်၊ ဂိုအင်ကာ၏ ဗာဗာဒိုဟာ-ဓမ္မကဗျာ / _cပါရဂူ ။ |
| 260 |
_aရန်ကုန် ၊ _bလောကစာပေ ၊ _c၁၉၉၀ ။ |
||
| 300 |
_a၂၀၈ စာမျက်နှာ ၊ _c၁၈ စင်တီ ။ |
||
| 500 | _aS-SAT: Dr. Sai Aung Tun | ||
| 650 |
_aဗုဒ္ဓဘာသာ _xဓမ္မကဗျာ _954927 |
||
| 942 |
_cBK _2ddc |
||
| 999 |
_c40936 _d40936 |
||